000 00376nam a2200145Ia 4500
008 230711s9999||||xx |||||||||||||| ||und||
041 _aENG
082 _a658
_bMC-M
100 _aMcgrath,SJ EH
245 0 _aBasic managerial skills for all
250 _a5th . Ed.
260 _c2002
_aNew Delhi
_bPHI Learning Private Limited
650 _aMechanical Engineering
942 _cBK
999 _c4143
_d4143